March Madness Elite Eight Teams - Sudden Death - Statistics

General Stats
  • This quiz has been taken 102 times
  • The average score is 4 of 8
Answers on the Grid
Answers color-coded by a green-red scale on the quiz's grid according to % correct below.
Alabama
Arizona
Arkansas
Duke
Florida
Gonzaga
High Point
Houston
Illinois
Iowa
Iowa State
Kansas
Kentucky
Louisville
Michigan
Michigan St.
Nebraska
Purdue
Saint Louis
St. John's
St. John's
Tennessee
Texas
Texas Tech
UConn
Vanderbilt
VCU
Virginia
 
Answer Stats
Answer % Correct
Arizona
80%
Duke
73%
Michigan
54%
UConn
46%
Illinois
42%
Iowa
39%
Purdue
37%
Tennessee
34%
No matching quizzes found
Score Distribution
Percent of People with Each Score
Percentile by Number Answered
Your Score History
You have not taken this quiz